000 00246nam a22001217a 4500
041 _aENG
100 _aDeshmukh.S
245 _aTahan
260 _aPune
_bContenate Prakashan
_c2006
300 _a205
650 _aMarathi
856 _uMarathi ( 33 )
999 _c2239
_d2239